| 000 | 00470cam a2200205 4500 | ||
|---|---|---|---|
| 008 | 000000n2000 000 0 eng u | ||
| 020 | _a1901659437 | ||
| 035 | _a(Sirsi) u104868 | ||
| 050 | _a340.03 | ||
| 100 | _aCollin, P.H | ||
| 245 | _aDictionary of law. | ||
| 250 | _a3rd ed. | ||
| 260 |
_aPeter Collin Publishing _c2000 |
||
| 300 | _a398p. ; 20p. | ||
| 350 | _a9.95 | ||
| 650 | _aDICTIONARIES | ||
| 650 | _aDEFINITIONS | ||
| 690 | _aLAW | ||
| 942 | _n0 | ||
| 999 |
_c100298 _d100298 |
||